[Event "SommerMaaskeHede EMT 2002"]
[Site "Vanlose"]
[Date "2002.07.29"]
[Round "1"]
[White "Askgaard, Jens"]
[Black "Carstensen, Jacob"]
[Result "0-1"]
[WhiteElo "2106"]
[BlackElo "2224"]
[PlyCount "57"]
[EventDate "2002.07.29"]


1. d4 d5 2. c4 dxc4 3. e3 e5 4. Bxc4 exd4 5. exd4 Bb4+ 6. Nc3 Nf6 7. Nf3 O-O 8.
O-O Bg4 9. Be3 Bxc3 10. bxc3 Nd5 11. Rc1 Nc6 12. Bg5 Qd6 13. Qd3 Rae8 14. Rfe1
Nf4 15. Bxf4 Qxf4 16. Bd5 Nd8 17. Ne5 Bc8 18. Re3 c6 19. Bb3 Ne6 20. Rce1 Qf6
21. g3 Rd8 22. Nxf7 Rxf7 23. Bxe6 Bxe6 24. Rxe6 Qxf2+ 25. Kh1 Qxa2 26. Re8+ Rf8
27. R8e4 Rf2 28. Rh4 Qd5+ 29. Qe4 0-1

[Event "SommerMaaskeHede EMT 2002"]
[Site "Vanlose"]
[Date "2002.07.29"]
[Round "1"]
[White "Tandrup, Michael"]
[Black "Nilsson, Nils Specht"]
[Result "0-1"]
[WhiteElo "1874"]
[BlackElo "2121"]
[PlyCount "68"]
[EventDate "2002.07.29"]


1. e4 g6 2. d4 Bg7 3. Nf3 d6 4. Bc4 c6 5. O-O d5 6. exd5 cxd5 7. Bb5+ Bd7 8.
Bd3 Nc6 9. c3 Nh6 10. Qb3 e6 11. Re1 O-O 12. Qxb7 Rb8 13. Qa6 Rb6 14. Qa3 Re8
15. b3 Nf5 16. Bxf5 gxf5 17. Bf4 f6 18. Qc1 e5 19. dxe5 fxe5 20. Bh6 e4 21.
Bxg7 Kxg7 22. Qg5+ Qxg5 23. Nxg5 Ne5 24. Nh3 Nd3 25. Re2 f4 26. Na3 Bxh3 27.
gxh3 f3 28. Rd2 Kf7 29. Nc2 Rg8+ 30. Kh1 Rg2 31. Rf1 Rh6 32. Ne3 Nf4 33. Rfd1
Rxh3 34. Nf1 Ne2 0-1

[Event "SommerMaaskeHede EMT 2002"]
[Site "Vanlose"]
[Date "2002.07.29"]
[Round "1"]
[White "Andersen, Rune"]
[Black "Hjortkaer, Rolf"]
[Result "1-0"]
[WhiteElo "2021"]
[BlackElo "1884"]
[PlyCount "57"]
[EventDate "2002.07.29"]


1. d4 d5 2. c4 c6 3. Nf3 e6 4. Nc3 dxc4 5. a4 Bb4 6. e3 b5 7. Ne5 Bb7 8. Qf3
Qe7 9. Be2 Nf6 10. O-O a6 11. Qh3 O-O 12. f4 Rc8 13. g4 Bxc3 14. bxc3 Ne4 15.
g5 Nxc3 16. Bh5 g6 17. Bf3 c5 18. Ng4 h5 19. Nf6+ Kg7 20. dxc5 Ra7 21. Bb2 Qxc5
22. Bxb7 Ne2+ 23. Kf2 c3 24. Ba3 Nxf4 25. Qf3 Nd3+ 26. Ke2 Qc4 27. Ne8+ Kh8 28.
Qf6+ Kh7 29. Qg7# 1-0

[Event "SommerMaaskeHede EMT 2002"]
[Site "Vanlose"]
[Date "2002.07.29"]
[Round "1"]
[White "Nielsen, Jan Mose"]
[Black "Christensen, Jan N"]
[Result "1-0"]
[WhiteElo "2037"]
[BlackElo "2009"]
[PlyCount "51"]
[EventDate "2002.07.29"]


1. d4 Nf6 2. Bg5 d6 3. c3 Bf5 4. Nd2 Nc6 5. d5 Ne5 6. e4 Bc8 7. Ngf3 Nxf3+ 8.
Qxf3 h6 9. Be3 g6 10. h3 Bg7 11. Be2 O-O 12. g4 Nd7 13. Qg3 c6 14. f4 cxd5 15.
h4 dxe4 16. h5 Nc5 17. hxg6 fxg6 18. f5 g5 19. Bxc5 dxc5 20. O-O-O e6 21. Nxe4
Qe7 22. f6 Rxf6 23. Nxf6+ Qxf6 24. Rhf1 Qe7 25. Qd6 Bf6 26. Rxf6 1-0

[Event "SommerMaaskeHede EMT 2002"]
[Site "Vanlose"]
[Date "2002.07.29"]
[Round "1"]
[White "Olsen, Claus B"]
[Black "Andersen, Henrik"]
[Result "1-0"]
[WhiteElo "2036"]
[BlackElo "1901"]
[PlyCount "81"]
[EventDate "2002.07.29"]


1. e4 c5 2. Nc3 e6 3. f4 d5 4. Nf3 Nc6 5. Bb5 Nf6 6. d3 Be7 7. O-O O-O 8. Bxc6
bxc6 9. Qe2 Ba6 10. e5 Nd7 11. Nd2 Qc7 12. Nd1 Rae8 13. c4 f6 14. Nf3 fxe5 15.
fxe5 Rf5 16. b3 Ref8 17. Bb2 Bg5 18. Nf2 Bf4 19. Rae1 Bc8 20. Nh3 Nb8 21. Nxf4
Rxf4 22. g3 R4f5 23. Bc1 Bd7 24. g4 R5f7 25. Ng5 Rxf1+ 26. Rxf1 Qd8 27. Rxf8+
Qxf8 28. Qe3 h6 29. Nh3 Be8 30. Ba3 Nd7 31. Kg2 Bg6 32. Nf4 d4 33. Nxg6 dxe3
34. Nxf8 Kxf8 35. d4 Kf7 36. Bxc5 Nxc5 37. dxc5 Kg6 38. Kf3 Kg5 39. b4 e2 40.
Kxe2 Kxg4 41. b5 1-0

[Event "SommerMaaskeHede EMT 2002"]
[Site "Vanlose"]
[Date "2002.07.29"]
[Round "1"]
[White "Kaaber Hansen, Jacob"]
[Black "Petersen, Steen Brustrup"]
[Result "0-1"]
[WhiteElo "1890"]
[BlackElo "2049"]
[PlyCount "92"]
[EventDate "2002.07.29"]


1. e4 c5 2. Nc3 e6 3. g3 d5 4. exd5 exd5 5. Bg2 Nf6 6. d3 d4 7. Ne4 Nxe4 8.
dxe4 Be7 9. Ne2 O-O 10. Nf4 Nd7 11. Nd5 Nf6 12. O-O Nxd5 13. exd5 Bd6 14. Re1
Bf5 15. c3 Qf6 16. cxd4 Qxd4 17. Qb3 b6 18. Be3 Qf6 19. Bd2 Rfe8 20. Bc3 Qg6
21. Qa4 f6 22. Qc6 Rad8 23. a4 Be5 24. a5 Rc8 25. Qa4 Bc2 26. Qh4 b5 27. Bf3
Bxc3 28. bxc3 Qd3 29. Bg4 f5 30. Bh5 Re4 31. Rxe4 Qxe4 32. Qxe4 Bxe4 33. Rd1
Rd8 34. Be2 c4 35. d6 Kf7 36. f3 Bc6 37. Kf2 Ke6 38. Ke3 Bd5 39. Kd4 Kxd6 40.
Rd2 Re8 41. Rb2 Kc6 42. h3 g5 43. g4 f4 44. Rd2 Re3 45. Bd1 Bxf3 46. Bxf3+ Rxf3
0-1

[Event "SommerMaaskeHede EMT 2002"]
[Site "Vanlose"]
[Date "2002.07.29"]
[Round "1"]
[White "Reuter, Filip"]
[Black "Skjoldan, Benjamin"]
[Result "1-0"]
[WhiteElo "2129"]
[BlackElo "1882"]
[PlyCount "71"]
[EventDate "2002.07.29"]


1. e4 c5 2. Nf3 Nc6 3. Bb5 e6 4. c3 d5 5. exd5 exd5 6. O-O Bd6 7. d4 Nge7 8.
Nbd2 O-O 9. dxc5 Bxc5 10. Nb3 Bd6 11. h3 Ng6 12. Nbd4 Nxd4 13. Qxd4 Bc7 14. Re1
Qd6 15. Be3 Be6 16. Rad1 a6 17. Bf1 Rad8 18. g3 f6 19. Bg2 Bf7 20. Nh4 Nxh4 21.
Qxh4 Rfe8 22. Re2 Bb6 23. Bxb6 Qxb6 24. Red2 d4 25. cxd4 Bxa2 26. d5 Bb3 27.
Rc1 Rc8 28. Rxc8 Rxc8 29. Be4 g6 30. d6 Qa5 31. Qf4 f5 32. d7 Rd8 33. Bxb7 Be6
34. Qd6 Kf7 35. Re2 Qa2 36. Rxe6 1-0

[Event "SommerMaaskeHede EMT 2002"]
[Site "Vanlose"]
[Date "2002.07.29"]
[Round "1"]
[White "Sorensen, Morten S"]
[Black "Jensen, Soren Holm"]
[Result "1/2-1/2"]
[WhiteElo "2051"]
[BlackElo "1953"]
[PlyCount "60"]
[EventDate "2002.07.29"]


1. d4 d5 2. Nf3 Nf6 3. g3 e6 4. Bg2 Be7 5. O-O O-O 6. c4 dxc4 7. Ne5 Nc6 8.
Bxc6 bxc6 9. Nxc6 Qd6 10. Nxe7+ Qxe7 11. Qc2 Qd6 12. Rd1 Qc6 13. Na3 Ba6 14. f3
Rfd8 15. b3 e5 16. Be3 c3 17. Rac1 e4 18. Nc4 Bxc4 19. bxc4 exf3 20. exf3 Qxc4
21. Qxc3 Qxa2 22. Bg5 Qe6 23. Bxf6 Qxf6 24. Qxc7 Rxd4 25. Kg2 Rxd1 26. Rxd1
Qb2+ 27. Kh3 Qb6 28. Qc3 Qe6+ 29. g4 a5 30. Qxa5 Re8 1/2-1/2

[Event "SommerMaaskeHede EMT 2002"]
[Site "Vanlose"]
[Date "2002.07.29"]
[Round "1"]
[White "Adamski, Jan"]
[Black "Brandstrup, Bo"]
[Result "1-0"]
[WhiteElo "2304"]
[BlackElo "1924"]
[PlyCount "99"]
[EventDate "2002.07.29"]


1. Nf3 d5 2. c4 e6 3. g3 Nf6 4. Bg2 Bd6 5. d4 c6 6. Nbd2 O-O 7. O-O Nbd7 8. Qc2
e5 9. cxd5 Nxd5 10. Nc4 Qe7 11. e4 N5f6 12. b3 Bc7 13. Ba3 c5 14. dxc5 Nxc5 15.
Ncxe5 b6 16. Nd3 Ba6 17. Nxc5 Bxf1 18. Rxf1 bxc5 19. Bxc5 Qxe4 20. Qc1 Bb6 21.
Bxb6 axb6 22. Nd2 Qd3 23. Bxa8 Rxa8 24. Qc6 Qa6 25. a4 Rc8 26. Qd6 Ne8 27. Qb4
Nf6 28. Nc4 Rb8 29. Rd1 Qb7 30. Qxb6 Qc8 31. Qd4 h5 32. Rd3 Qh3 33. Ne3 Re8 34.
Qh4 Qe6 35. Qc4 Qh3 36. Rd1 Ne4 37. Qb5 Re6 38. Qf5 Qxf5 39. Nxf5 Rf6 40. f3
Ng5 41. Nh4 Nxf3+ 42. Nxf3 Rxf3 43. Rb1 Kf8 44. a5 Rf6 45. Ra1 Ra6 46. b4 Ke7
47. b5 Ra8 48. b6 Kd7 49. b7 Re8 50. Rc1 1-0

[Event "SommerMaaskeHede EMT 2002"]
[Site "Vanlose"]
[Date "2002.07.30"]
[Round "2"]
[White "Nilsson, Nils Specht"]
[Black "Adamski, Jan"]
[Result "0-1"]
[WhiteElo "2121"]
[BlackElo "2304"]
[PlyCount "100"]
[EventDate "2002.07.29"]


1. e4 c5 2. Nf3 e6 3. d4 cxd4 4. Nxd4 Qb6 5. Nb3 Qc7 6. g3 b6 7. Bg2 Bb7 8. O-O
d6 9. Re1 Nf6 10. Nc3 a6 11. a4 Nbd7 12. f4 e5 13. g4 h6 14. g5 hxg5 15. fxg5
Nh5 16. Nd5 Bxd5 17. Qxd5 Rc8 18. Bf1 Nb8 19. c4 Be7 20. Be2 Nd7 21. Rf1 Nf4
22. Bxf4 exf4 23. Bg4 Ne5 24. g6 fxg6 25. Rxf4 g5 26. Bxc8 gxf4 27. Be6 Bd8 28.
Rd1 Rh6 29. Bf5 Qxc4 30. Nd4 Qxd5 31. exd5 b5 32. axb5 Bb6 33. Kg2 Bxd4 34.
Rxd4 f3+ 35. Kg3 axb5 36. Bd3 Ke7 37. Bxb5 Rg6+ 38. Kh3 Rg2 39. b4 g5 40. Bf1
Rf2 41. Rd1 Rb2 42. b5 Kf6 43. Kg3 Kf5 44. Bd3+ Nxd3 45. Rxd3 g4 46. Rd1 Rg2+
47. Kh4 Rxh2+ 48. Kg3 Rb2 49. b6 Kg5 50. Rg1 Rxb6 0-1

[Event "SommerMaaskeHede EMT 2002"]
[Site "Vanlose"]
[Date "2002.07.30"]
[Round "2"]
[White "Carstensen, Jacob"]
[Black "Olsen, Claus B"]
[Result "1-0"]
[WhiteElo "2224"]
[BlackElo "2036"]
[PlyCount "97"]
[EventDate "2002.07.29"]


1. d4 Nf6 2. c4 e6 3. Nc3 Bb4 4. e3 O-O 5. Bd3 b6 6. Nge2 Bb7 7. O-O d5 8. cxd5
exd5 9. Ng3 c5 10. a3 Bxc3 11. bxc3 Ba6 12. Bxa6 Nxa6 13. a4 Re8 14. Qd3 c4 15.
Qc2 Nc7 16. f3 h5 17. e4 h4 18. Nf5 dxe4 19. Bg5 Qd5 20. Bxf6 Qxf5 21. Be5 Qd7
22. fxe4 f6 23. Bxc7 Qxc7 24. Rae1 Re6 25. Qf2 Rae8 26. Qxh4 Qc6 27. Rf4 Qxa4
28. Qg4 Qc2 29. Re3 Qc1+ 30. Kf2 Qd2+ 31. Qe2 Qxe2+ 32. Rxe2 b5 33. Kf3 a5 34.
Rf5 Rb6 35. Rc5 a4 36. d5 Kf7 37. Rb2 Reb8 38. Rc7+ Kf8 39. Ke3 a3 40. Ra2 Ra8
41. Kd4 Raa6 42. Kc5 b4 43. cxb4 c3 44. b5 c2 45. Rxc2 a2 46. Rxa2 Rxb5+ 47.
Kxb5 Rxa2 48. d6 Rxg2 49. Rc8+ 1-0

[Event "SommerMaaskeHede EMT 2002"]
[Site "Vanlose"]
[Date "2002.07.30"]
[Round "2"]
[White "Hjortkaer, Rolf"]
[Black "Christensen, Jan N"]
[Result "1-0"]
[WhiteElo "1884"]
[BlackElo "2009"]
[PlyCount "35"]
[EventDate "2002.07.29"]


1. e4 e5 2. Nf3 Nc6 3. Bc4 Bc5 4. c3 Nf6 5. d4 exd4 6. cxd4 Bb4+ 7. Bd2 Bxd2+
8. Nbxd2 d5 9. exd5 Nxd5 10. O-O O-O 11. Ne5 Nxd4 12. Nb3 c5 13. Nxc5 Nb6 14.
Bxf7+ Rxf7 15. Nxf7 Kxf7 16. Qh5+ Kf8 17. Rad1 Qf6 18. Rfe1 1-0

[Event "SommerMaaskeHede EMT 2002"]
[Site "Vanlose"]
[Date "2002.07.30"]
[Round "2"]
[White "Skjoldan, Benjamin"]
[Black "Kaaber Hansen, Jacob"]
[Result "1-0"]
[WhiteElo "1882"]
[BlackElo "1890"]
[PlyCount "103"]
[EventDate "2002.07.29"]


1. d4 d5 2. c4 c6 3. g3 Nf6 4. Bg2 e6 5. Nf3 Bd6 6. O-O O-O 7. b3 Re8 8. Qc2
Nbd7 9. Rd1 Qe7 10. Nc3 dxc4 11. bxc4 e5 12. d5 cxd5 13. cxd5 e4 14. Nd4 Nc5
15. Ndb5 Bf5 16. Nxd6 Qxd6 17. Bf4 Qd7 18. Qb2 a6 19. Qb6 Rac8 20. Rac1 Qd8 21.
Qxd8 Rexd8 22. d6 Ncd7 23. Na4 b5 24. Nb2 Be6 25. Rc7 Nb6 26. f3 Rxc7 27. dxc7
Rxd1+ 28. Nxd1 Ne8 29. Nc3 Na8 30. Nd5 Kf8 31. fxe4 f6 32. h4 g5 33. hxg5 fxg5
34. Be5 Kf7 35. Kf2 h5 36. Ke3 Bc8 37. Bf3 Ke6 38. Kd4 g4 39. Bg2 Kd7 40. Kc5
Naxc7 41. Bxc7 Nxc7 42. Nb6+ Kd8 43. Nxc8 Kxc8 44. Kb6 Kd7 45. e5 Ne8 46. Bc6+
Ke7 47. Kxa6 Ng7 48. Kxb5 Nf5 49. Kb6 Nxg3 50. a4 Nxe2 51. a5 Nd4 52. Bh1 1-0

[Event "SommerMaaskeHede EMT 2002"]
[Site "Vanlose"]
[Date "2002.07.30"]
[Round "2"]
[White "Petersen, Steen Brustrup"]
[Black "Reuter, Filip"]
[Result "0-1"]
[WhiteElo "2049"]
[BlackElo "2129"]
[PlyCount "77"]
[EventDate "2002.07.29"]


1. e4 c5 2. Nf3 Nc6 3. Nc3 d6 4. d4 cxd4 5. Nxd4 e5 6. Ndb5 Nf6 7. Bg5 a6 8.
Na3 b5 9. Nd5 Rb8 10. c3 Be7 11. Bxf6 Bxf6 12. Bd3 Bg5 13. O-O Ne7 14. c4 Nxd5
15. cxd5 O-O 16. Nc2 Bd7 17. Ne3 g6 18. g3 Bxe3 19. fxe3 Qg5 20. Qf3 Bh3 21.
Rfe1 Rfc8 22. Rac1 Kg7 23. Qf2 h5 24. Bf1 Bd7 25. Bg2 b4 26. Bf1 a5 27. Ba6 Rc5
28. Rf1 Rf8 29. Rxc5 dxc5 30. Rc1 f5 31. Rxc5 fxe4 32. Qe1 h4 33. Rc7 Rf7 34.
Bc4 Kh6 35. d6 Rf3 36. Rxd7 hxg3 37. h3 g2 38. Re7 Rxh3 39. Re6 0-1

[Event "SommerMaaskeHede EMT 2002"]
[Site "Vanlose"]
[Date "2002.07.30"]
[Round "2"]
[White "Andersen, Rune"]
[Black "Nielsen, Jan Mose"]
[Result "0-1"]
[WhiteElo "2021"]
[BlackElo "2037"]
[PlyCount "71"]
[EventDate "2002.07.29"]


1. d4 d5 2. c4 dxc4 3. e4 e5 4. Nf3 exd4 5. Bxc4 Nc6 6. O-O Be6 7. Bxe6 fxe6 8.
Qb3 Qd7 9. Qxb7 Rb8 10. Qa6 Bc5 11. Nbd2 Nf6 12. e5 Nd5 13. Nb3 Bb6 14. Qc4
Nde7 15. Bg5 Qd5 16. Qa4 Rd8 17. Rad1 h6 18. Bh4 g5 19. Bg3 O-O 20. Rfe1 Rf5
21. Nbd2 h5 22. Ne4 h4 23. Nxh4 gxh4 24. Bxh4 Kf7 25. Qc2 Rg8 26. Bg3 Nxe5 27.
h4 Rg4 28. Ng5+ Ke8 29. Qa4+ c6 30. Kh2 Rxf2 31. Ne4 Rxg2+ 32. Kxg2 Rxe4 33.
Kh3 Nf5 34. Rxe4 Qxe4 35. Bxe5 Qxe5 36. Qxc6+ 0-1

[Event "SommerMaaskeHede EMT 2002"]
[Site "Vanlose"]
[Date "2002.07.30"]
[Round "2"]
[White "Andersen, Henrik"]
[Black "Askgaard, Jens"]
[Result "0-1"]
[WhiteElo "1901"]
[BlackElo "2106"]
[PlyCount "72"]
[EventDate "2002.07.29"]


1. c4 b6 2. Nc3 Bb7 3. e4 e5 4. Nf3 Nc6 5. d4 exd4 6. Nxd4 Bb4 7. Nxc6 Bxc6 8.
Bd3 Bxc3+ 9. bxc3 Qf6 10. Qd2 Ne7 11. O-O d6 12. Bb2 O-O-O 13. Rab1 Ng6 14. Ba3
Nf4 15. f3 h5 16. Bc1 g5 17. Qc2 Qe5 18. Be3 Ne6 19. Qb2 f6 20. Bd4 Nxd4 21.
cxd4 Qe7 22. Qa3 a5 23. Rfc1 g4 24. c5 dxc5 25. Ba6+ Kb8 26. d5 Ka7 27. Be2 Bb7
28. Rb5 Rd6 29. Rcxc5 bxc5 30. Qxc5+ Kb8 31. Rxa5 Rh7 32. Bb5 Rb6 33. Qc4 Qd6
34. Qc2 Rg7 35. Qa4 gxf3 36. Bc6 Rxg2+ 0-1

[Event "SommerMaaskeHede EMT 2002"]
[Site "Vanlose"]
[Date "2002.07.30"]
[Round "2"]
[White "Bogdanov, Dimitri"]
[Black "Sorensen, Morten S"]
[Result "1-0"]
[WhiteElo "2052"]
[BlackElo "2051"]
[PlyCount "69"]
[EventDate "2002.07.29"]


1. e4 c6 2. Nc3 d5 3. Nf3 dxe4 4. Nxe4 Nd7 5. Bc4 Ngf6 6. Neg5 e6 7. Qe2 Nb6 8.
Ne5 Nxc4 9. Qxc4 Qd5 10. Qxd5 exd5 11. Ngxf7 Rg8 12. Ng5 Bf5 13. d3 O-O-O 14.
f4 Ng4 15. h3 Nxe5 16. fxe5 Re8 17. Nf3 Bd6 18. O-O Bc7 19. Nh4 Bb6+ 20. Kh1
Bd7 21. Nf3 h6 22. d4 g5 23. c3 g4 24. hxg4 Rxg4 25. Be3 Reg8 26. Rf2 Bd8 27.
Raf1 h5 28. Ne1 Rh4+ 29. Kg1 Re4 30. Bd2 h4 31. Rf8 Rg6 32. Nf3 h3 33. Bg5 Rxg5
34. Nxg5 Rg4 35. Nf7 1-0

[Event "SommerMaaskeHede EMT 2002"]
[Site "Vanlose"]
[Date "2002.07.30"]
[Round "2"]
[White "Pedersen, Flemming Petri"]
[Black "Jensen, Soren Holm"]
[Result "1-0"]
[WhiteElo "2085"]
[BlackElo "1953"]
[PlyCount "67"]
[EventDate "2002.07.29"]


1. e4 e5 2. d4 exd4 3. Qxd4 Nc6 4. Qe3 Nf6 5. Nc3 Bb4 6. Bd2 O-O 7. O-O-O Re8
8. Bc4 d6 9. f3 Be6 10. Bxe6 Rxe6 11. Qg5 Ne5 12. Nge2 Ne8 13. Qh5 Rg6 14. f4
Rh6 15. Qf5 Rf6 16. Qg5 h6 17. Qh5 Nd7 18. g4 c6 19. g5 hxg5 20. fxg5 g6 21.
Qh4 Re6 22. Rhg1 Ne5 23. Rg3 Qa5 24. Qh6 Ng7 25. Nf4 Nh5 26. Nxe6 fxe6 27. Rh3
Rf8 28. Rxh5 gxh5 29. Qxe6+ Kg7 30. Qh6+ Kg8 31. Qe6+ Kg7 32. g6 Ng4 33. Qe7+
Kg8 34. Qh7# 1-0

[Event "SommerMaaskeHede EMT 2002"]
[Site "Vanlose"]
[Date "2002.07.30"]
[Round "2"]
[White "Brandstrup, Bo"]
[Black "Tandrup, Michael"]
[Result "0-1"]
[WhiteElo "1924"]
[BlackElo "1874"]
[PlyCount "62"]
[EventDate "2002.07.29"]


1. d4 Nf6 2. Nf3 e6 3. g3 b6 4. Bg2 Bb7 5. O-O Be7 6. c4 O-O 7. Nc3 d6 8. Qc2
c5 9. e4 Nbd7 10. Rd1 Qc8 11. e5 dxe5 12. dxe5 Bxf3 13. Bxf3 Nxe5 14. Bg2 Nc6
15. Ne4 Qc7 16. Nxf6+ Bxf6 17. Qe4 Rad8 18. Bf4 e5 19. Be3 Nd4 20. Rd2 Qc8 21.
h4 Rfe8 22. b3 g6 23. Bg5 Bxg5 24. hxg5 Nf3+ 25. Bxf3 Rxd2 26. Qh4 Qf5 27. Qg4
e4 28. Qxf5 gxf5 29. Bg2 e3 30. f4 Red8 31. Bd5 e2 0-1

[Event "SommerMaaskeHede EMT 2002"]
[Site "Vanlose"]
[Date "2002.07.31"]
[Round "3"]
[White "Hjortkaer, Rolf"]
[Black "Tandrup, Michael"]
[Result "1-0"]
[WhiteElo "1884"]
[BlackElo "1874"]
[PlyCount "39"]
[EventDate "2002.07.29"]


1. e4 c5 2. Nf3 Nc6 3. d4 cxd4 4. Nxd4 e5 5. Nb5 a6 6. Nd6+ Bxd6 7. Qxd6 Qf6 8.
Qd1 Qg6 9. Nc3 d5 10. Nxd5 Qxe4+ 11. Be2 Nd4 12. Nc7+ Ke7 13. Nxa8 Qxg2 14. Rf1
Bf5 15. Be3 Nxc2+ 16. Kd2 Nf6 17. Bc5+ Ke8 18. Bf3 Qg5+ 19. Ke2 e4 20. Nc7# 1-0

[Event "SommerMaaskeHede EMT 2002"]
[Site "Vanlose"]
[Date "2002.07.31"]
[Round "3"]
[White "Askgaard, Jens"]
[Black "Skjoldan, Benjamin"]
[Result "1/2-1/2"]
[WhiteElo "2106"]
[BlackElo "1882"]
[PlyCount "94"]
[EventDate "2002.07.29"]


1. d4 Nf6 2. c4 g6 3. Nc3 Bg7 4. e4 d6 5. Be2 O-O 6. Bg5 c5 7. d5 Nbd7 8. Qd2
Re8 9. Nf3 a6 10. O-O Ng4 11. h3 Nge5 12. Nh2 Nb6 13. b3 f5 14. Rac1 Nf7 15.
Bh4 f4 16. f3 g5 17. Bf2 Ne5 18. Rfe1 Rf8 19. Nd1 Nbd7 20. a4 a5 21. Nb2 b6 22.
Nd3 Nxd3 23. Bxd3 Ne5 24. Ng4 h5 25. Nxe5 Bxe5 26. Be2 Rf6 27. Qd3 Qf8 28. Kf1
Qh6 29. Red1 g4 30. fxg4 hxg4 31. Bxg4 Bxg4 32. hxg4 f3 33. gxf3 Qh3+ 34. Ke2
Raf8 35. Rh1 Bh2 36. Rxh2 Qxh2 37. Rg1 Rxf3 38. Qxf3 Rxf3 39. Kxf3 Qe5 40. Re1
Kg7 41. Bg3 Qc3+ 42. Re3 Qc1 43. Bf4 Qf1+ 44. Kg3 Qg1+ 45. Kf3 Qh1+ 46. Kg3
Qg1+ 47. Kf3 Qf1+ 1/2-1/2

[Event "SommerMaaskeHede EMT 2002"]
[Site "Vanlose"]
[Date "2002.07.31"]
[Round "3"]
[White "Andersen, Rune"]
[Black "Bogdanov, Dimitri"]
[Result "0-1"]
[WhiteElo "2021"]
[BlackElo "2052"]
[PlyCount "80"]
[EventDate "2002.07.29"]


1. d4 g6 2. e4 Bg7 3. f4 c5 4. c3 cxd4 5. cxd4 Qb6 6. Nf3 Nc6 7. e5 d6 8. Nc3
Bg4 9. Bb5 O-O-O 10. Bxc6 bxc6 11. O-O dxe5 12. fxe5 Bxe5 13. Qe1 Bf6 14. Be3
Bxf3 15. Rxf3 Bxd4 16. Kh1 Bxe3 17. Rxe3 e6 18. Ne4 Ne7 19. Rb3 Qd4 20. Rc1 Rd5
21. Rb4 Qe5 22. Qf2 Rhd8 23. Qf1 f5 24. Nc3 Rd3 25. Rc4 R8d4 26. Rxd4 Qxd4 27.
Qe2 Qe3 28. Qf1 e5 29. Na4 Rd5 30. Nc3 Rd7 31. Re1 Qc5 32. Rc1 Qa5 33. Qc4 e4
34. b4 Qa3 35. Nb5 Qd3 36. Nxa7+ Rxa7 37. Qc5 Rd7 38. h3 Qd5 39. Qb6 Rb7 40.
Qa6 Qb5 0-1

[Event "SommerMaaskeHede EMT 2002"]
[Site "Vanlose"]
[Date "2002.07.31"]
[Round "3"]
[White "Nilsson, Nils Specht"]
[Black "Pedersen, Flemming Petri"]
[Result "1-0"]
[WhiteElo "2121"]
[BlackElo "2085"]
[PlyCount "129"]
[EventDate "2002.07.29"]


1. d4 Nf6 2. Nc3 c6 3. e4 d6 4. e5 dxe5 5. dxe5 Qxd1+ 6. Nxd1 Nd5 7. c4 Nb4 8.
Ne3 c5 9. Bd2 N8c6 10. a3 Na6 11. Bc3 e6 12. g3 Be7 13. Bg2 O-O 14. O-O-O Rd8
15. Ne2 Bd7 16. b3 Be8 17. f4 Rxd1+ 18. Rxd1 Rd8 19. Kc2 b6 20. Rxd8 Nxd8 21.
Bb2 Bc6 22. Nc3 Bxg2 23. Nxg2 Nc7 24. Nb5 Nxb5 25. cxb5 Kf8 26. Ne3 f5 27. Kd3
g5 28. Nc4 gxf4 29. gxf4 Nb7 30. Bc3 Ke8 31. Be1 Kd7 32. a4 Nd8 33. a5 Kc7 34.
a6 Nf7 35. Ne3 Nh8 36. Nc2 Ng6 37. Ke3 Bf8 38. Kf3 Ne7 39. Ne3 Ng6 40. Nf1 Bh6
41. Bd2 Kd7 42. Kg3 Ne7 43. Ne3 Bf8 44. Kh4 Bh6 45. Nc4 Nd5 46. Kh5 Bxf4 47.
Nxb6+ Nxb6 48. Bxf4 Nd5 49. Bd2 Nc7 50. b6 axb6 51. a7 Kc6 52. Kh6 Kb7 53. h4
Nd5 54. Kxh7 f4 55. h5 f3 56. Be1 Ne7 57. Kh6 b5 58. Kg5 c4 59. bxc4 bxc4 60.
h6 c3 61. h7 c2 62. Bd2 f2 63. a8=Q+ Kxa8 64. h8=Q+ Kb7 65. Qh1+ 1-0

[Event "SommerMaaskeHede EMT 2002"]
[Site "Vanlose"]
[Date "2002.07.31"]
[Round "3"]
[White "Andersen, Henrik"]
[Black "Kaaber Hansen, Jacob"]
[Result "0-1"]
[WhiteElo "1901"]
[BlackElo "1890"]
[PlyCount "64"]
[EventDate "2002.07.29"]


1. c4 e6 2. Nc3 d5 3. cxd5 exd5 4. d4 c6 5. Nf3 Nf6 6. Bg5 Be7 7. e3 O-O 8. Bd3
Nbd7 9. Qc2 Re8 10. O-O-O b5 11. g4 g6 12. Rdg1 b4 13. Nd1 c5 14. Bxf6 Nxf6 15.
Ne5 c4 16. Be2 Bd6 17. f4 Qa5 18. Kb1 Ba6 19. Bf3 Rec8 20. Qg2 c3 21. bxc3 bxc3
22. Qc2 Rab8+ 23. Ka1 Ba3 24. g5 Rb2 25. Nxb2 cxb2+ 26. Kb1 Rxc2 27. Kxc2 Ne4
28. Bxe4 dxe4 29. f5 Qa4+ 30. Kb1 gxf5 31. h4 Bd6 32. Kxb2 Qa3+ 0-1

[Event "SommerMaaskeHede EMT 2002"]
[Site "Vanlose"]
[Date "2002.07.31"]
[Round "3"]
[White "Carstensen, Jacob"]
[Black "Reuter, Filip"]
[Result "1-0"]
[WhiteElo "2224"]
[BlackElo "2129"]
[PlyCount "40"]
[EventDate "2002.07.29"]


1. d4 Nf6 2. c4 e6 3. Nf3 b6 4. a3 Be7 5. Nc3 d5 6. cxd5 exd5 7. Bg5 Bb7 8. e3
Nbd7 9. Bd3 c5 10. O-O O-O 11. Rc1 Ne4 12. Bxe7 Qxe7 13. dxc5 Nxc3 14. Rxc3
bxc5 15. Qc2 Rac8 16. Bxh7+ Kh8 17. Bf5 d4 18. exd4 cxd4 19. Nxd4 Rxc3 20. Qxc3
g6 1-0

[Event "SommerMaaskeHede EMT 2002"]
[Site "Vanlose"]
[Date "2002.07.31"]
[Round "3"]
[White "Nielsen, Jan Mose"]
[Black "Adamski, Jan"]
[Result "1/2-1/2"]
[WhiteElo "2037"]
[BlackElo "2304"]
[PlyCount "49"]
[EventDate "2002.07.29"]


1. d4 Nf6 2. Bg5 Ne4 3. h4 c5 4. dxc5 d5 5. c3 Nxc5 6. Nd2 f6 7. Be3 e5 8. g3
Nc6 9. Bxc5 Bxc5 10. Nb3 Bb6 11. e3 O-O 12. Ne2 d4 13. exd4 exd4 14. Nexd4 Nxd4
15. Nxd4 Bxd4 16. Qxd4 Qxd4 17. cxd4 Be6 18. b3 Bd5 19. Bc4 Bxc4 20. bxc4 Rac8
21. c5 Rfd8 22. O-O-O b6 23. Kb2 Kf7 24. Rhe1 Rd5 25. a4 1/2-1/2

[Event "SommerMaaskeHede EMT 2002"]
[Site "Vanlose"]
[Date "2002.07.31"]
[Round "3"]
[White "Jensen, Soren Holm"]
[Black "Brandstrup, Bo"]
[Result "1-0"]
[WhiteElo "1953"]
[BlackElo "1924"]
[PlyCount "111"]
[EventDate "2002.07.29"]


1. e4 d5 2. exd5 Qxd5 3. Nc3 Qa5 4. d4 Nf6 5. Nf3 c6 6. Bc4 Bf5 7. Bd2 e6 8.
Qe2 Bb4 9. O-O-O Nbd7 10. Rhe1 O-O 11. Ne5 Nxe5 12. dxe5 Nd5 13. Nxd5 cxd5 14.
Bb3 h6 15. g4 Bxd2+ 16. Rxd2 Bh7 17. g5 hxg5 18. Qg4 Qd8 19. Rg1 Bf5 20. Qxg5
Qxg5 21. Rxg5 g6 22. c3 Kg7 23. Bc2 Bxc2 24. Kxc2 Rh8 25. Rg2 Rh4 26. f3 Rah8
27. Rdf2 R8h5 28. Re2 Rf4 29. Rg4 Rxf3 30. Ra4 a6 31. Rb4 b5 32. a4 Rff5 33.
axb5 axb5 34. Rxb5 Rxe5 35. Rd2 f5 36. c4 f4 37. c5 Ref5 38. c6 Rf8 39. Rc5 Kf6
40. b4 Ke5 41. c7 Rc8 42. Kd1 f3 43. b5 Rh4 44. Rb2 Kd6 45. b6 f2 46. Ke2 Rxh2
47. b7 Rf8 48. Rc6+ Ke7 49. Rxe6+ Kd7 50. c8=Q+ Rxc8 51. bxc8=Q+ Kxc8 52. Rb4
Rg2 53. Kf1 Rg5 54. Kxf2 Kd7 55. Ra6 Kc7 56. Kf3 1-0

[Event "SommerMaaskeHede EMT 2002"]
[Site "Vanlose"]
[Date "2002.07.31"]
[Round "3"]
[White "Christensen, Jan N"]
[Black "Sorensen, Morten S"]
[Result "0-1"]
[WhiteElo "2009"]
[BlackElo "2051"]
[PlyCount "46"]
[EventDate "2002.07.29"]


1. e4 c6 2. d4 d6 3. Nc3 g6 4. Be3 Bg7 5. Qd2 Nd7 6. h4 h5 7. Be2 Qa5 8. g4
hxg4 9. Bxg4 Ngf6 10. Be2 Nh5 11. Nh3 Ndf6 12. O-O-O Ng4 13. Bxg4 Bxg4 14. Rdg1
Bd7 15. Rg5 b5 16. Kb1 Qb6 17. Ne2 Nf6 18. Qd3 Rxh4 19. Nef4 O-O-O 20. f3 Rdh8
21. Qf1 Bxh3 22. Rxh3 Rxh3 23. Nxh3 Bh6 0-1

[Event "SommerMaaskeHede EMT 2002"]
[Site "Vanlose"]
[Date "2002.07.31"]
[Round "3"]
[White "Olsen, Claus B"]
[Black "Petersen, Steen Brustrup"]
[Result "1/2-1/2"]
[WhiteElo "2036"]
[BlackElo "2049"]
[PlyCount "57"]
[EventDate "2002.07.29"]


1. e4 e5 2. Nf3 Nc6 3. Bc4 Nf6 4. d3 Be7 5. Nc3 O-O 6. O-O d6 7. Ne2 Bg4 8. Ng3
Nd4 9. c3 Nxf3+ 10. gxf3 Bh3 11. Re1 Qd7 12. d4 c5 13. Be3 Rac8 14. Bf1 g6 15.
Kh1 Rfd8 16. Qb3 Bxf1 17. Rxf1 Rb8 18. Bg5 Qh3 19. Bxf6 Bxf6 20. d5 b5 21. Qd1
Bh4 22. Rg1 Bxg3 23. Rxg3 Qd7 24. Qd2 Kg7 25. Rag1 Qe7 26. Rg5 Rh8 27. Rh5 h6
28. Rh3 Qf6 29. Rhg3 1/2-1/2